000 00504nam a22001931a 4500
020 _c0.00
040 _aSSUS - Library - Kalady
082 _aM08
_bSAN/G
100 _aSankarakuruppu G
245 _aG yute note book
_h[Text]
260 _aKozhikode
_bMathrubhoomi
_c1983
300 _a326p.
600 _aLetters G Sankarakuruppu
600 _aLiterature
600 _aLiterature Malayalam Collection
600 _aLiterature Malayalam
852 _930.00
_r
942 _cBK
999 _c15275
_d15275